000 01521nam a2200373Ia 4500
001 ebr10661744
003 CaPaEBR
006 m u
007 cr cn|||||||||
008 100719s2010 nyu sb 001 0 eng d
010 _z2010026752
020 _z9781617289729 (softcover)
020 _z9781617613456
040 _aCaPaEBR
_cCaPaEBR
035 _a(OCoLC)707082694
050 1 4 _aQA76.9.H85
_bA535 2010eb
082 0 4 _a005.4/37
_223
100 1 _aAlexandris, Christina.
245 1 0 _aSpeech acts and prosodic modeling in service-oriented dialog systems
_h[electronic resource] /
_cChristina Alexandris.
260 _aNew York :
_bNovinka/Nova Science Publishers,
_cc2010.
300 _a49 p.
490 1 _aComputer science, technology and applications.
504 _aIncludes bibliographical references and index.
533 _aElectronic reproduction.
_bPalo Alto, Calif. :
_cebrary,
_d2013.
_nAvailable via World Wide Web.
_nAccess may be limited to ebrary affiliated libraries.
650 0 _aHuman-computer interaction.
650 0 _aNatural language processing (Computer science)
650 0 _aSpeech processing systems.
650 0 _aUser interfaces (Computer systems)
650 0 _aComputer software
_xHuman factors.
655 7 _aElectronic books.
_2local
710 2 _aebrary, Inc.
830 0 _aComputer science, technology and applications.
856 4 0 _uhttp://site.ebrary.com/lib/rucke/Doc?id=10661744
_zAn electronic book accessible through the World Wide Web; click to view
999 _c65977
_d65977